000 00982nam a2200277Ia 4500
003 OSt
005 20220923225144.0
006 a|||||r|||| 00| 0
007 ta
008 220922b |||||||| |||| 00| 0 hin d
020 _c450
024 _a258,727
037 _b273, 15/12/2011, Vani Prakashan
_cTextual
040 _aARTS
_cARTS
_bhin
041 _2hin
_ahin
082 _aO152,1N292:g, M1;P2
100 _aशर्मा, सुरेश
_9156290
245 0 _aरघुवीर सहाय का कविकर्म
246 _aRaghuvīr sahāya kā kavikarma
260 _aनयी दिल्ली
_b वाणी प्रकाशन
_c2002
300 _a170पृ.
_ccm.
650 _a हिन्दी कविता
650 _aहिन्दी साहित्य
_9156264
942 _hO152,1N292:g, M1;P2
_cTEXL
_2CC
999 _c376427
_d376427